Statistics for Southernmost Major Cities

Click here to take the quiz!

General Stats

  • This quiz has been taken 43,047 times
    (19,775 since last reset)
  • The average score is 14 of 22

Answer Stats

LatitudePopulationCity% Correct
33.87 °S4.93 mSydney
97%
34.60 °S16.7 mBuenos Aires
94%
33.93 °S4.45 mCape Town
92%
26.2 °S14.8 mJohannesburg / Pretoria
92%
33.45 °S8.05 mSantiago
91%
37.81 °S4.95 mMelbourne
90%
22.91 °S13.4 mRio de Janeiro
86%
36.84 °S1.45 mAuckland
83%
31.96 °S2.23 mPerth
83%
23.55 °S23.0 mSão Paulo
82%
34.88 °S1.88 mMontevideo
74%
27.47 °S3.28 mBrisbane
69%
34.93 °S1.41 mAdelaide
64%
25.3 °S2.45 mAsuncion
54%
29.88 °S3.58 mDurban
48%
25.97 °S2.45 mMaputo
39%
31.42 °S1.77 mCordoba
30%
30.03 °S4.20 mPorto Alegre
30%
33.96 °S1.44 mPort Elizabeth
28%
32.97 °S1.42 mRosario
25%
25.43 °S3.55 mCuritiba
19%
23.94 °S1.79 mSantos
7%

Score Distribution

Percentile by Number Answered

Percent of People with Each Score

Your Score History

You have not taken this quiz since the last reset